EÚ v roku 2024 súhrnná správa o činnosti Európskej únie

Na minha lista:
Detalhes bibliográficos
Autor Corporativo: European Commission
Formato: Livro
Idioma:eslovaco
Publicado em: Luxemburg Úrad pre vydávanie publikácií Európskej únie 2025
Assuntos:
Tags: Adicionar Tag
Sem tags, seja o primeiro a adicionar uma tag!

MARC

LEADER 00000nam a2200000 4500
001 0313183
005 20251125101242.4
020 |a 978-92-68-23577-5 
020 |a 978-92-68-23578-2 
041 0 |a slo 
044 |a LU 
245 1 0 |a EÚ v roku 2024  |b súhrnná správa o činnosti Európskej únie 
264 1 |a Luxemburg  |b Úrad pre vydávanie publikácií Európskej únie  |c 2025 
300 |a 174 s. 
610 2 0 |a Európska únia 
610 2 0 |a spolupráca hospodárska medzinárodná 
610 2 0 |a konflikty medzinárodné 
610 2 0 |a Rusko 
610 2 0 |a Ukrajina 
610 2 0 |a politika energetická 
610 2 0 |a politika ekologická 
610 2 0 |a digitalizácia 
610 2 0 |a ochrana ľudských práv 
610 2 0 |a politika hospodárska medzinárodná 
610 2 0 |a politika sociálna 
710 2 |a European Commission